书目信息 |
| 题名: |
哈佛坏小子
|
|
| 作者: | 武庆新 编著 | |
| 分册: | ||
| 出版信息: | 北京 中国华侨出版社 2017 |
|
| 页数: | 223页 | |
| 开本: | 24cm | |
| 丛书名: | ||
| 单 册: | ||
| 中图分类: | K837.125.38 | |
| 科图分类: | ||
| 主题词: | ||
| 电子资源: | ||
| ISBN: | 978-7-5113-6689-4 | |
| 000 | 00975nam0 2200253 450 | |
| 001 | 012001010554 | |
| 005 | 20140102133844.0 | |
| 010 | @a978-7-5113-6689-4@dCNY30.00 | |
| 099 | @aCAL 012017083536 | |
| 100 | @a20170524d2017 em y0chiy50 ea | |
| 101 | 0 | @achi |
| 102 | @aCN@b110000 | |
| 105 | @ay z 000yb | |
| 106 | @ar | |
| 200 | 1 | @a哈佛坏小子@AHa Fo Huai Xiao Zi@e马克·扎克伯格传@f武庆新编著 |
| 210 | @a北京@c中国华侨出版社@d2017 | |
| 215 | @a223页@d24cm | |
| 330 | @a本书就是关于马克﹒扎克伯格的一本成长奋斗书。本书从Facebook创始人马克﹒扎克伯格的成长发展着手,全面讲述了他的家庭、学校、朋友等,继而解读了他创业与发展的不凡历程,为读者呈现出一位较为真实和立体的扎克伯格。 | |
| 517 | 1 | @a马克·扎克伯格传@AMa Ke ·zha Ke Bo Ge Zhuan |
| 600 | 1 | @a扎克伯格@AZha Ke Bo Ge@g(Zuckerberg, Mark Elliot),@f1984-@x传记 |
| 690 | @aK837.125.38@v4 | |
| 701 | 0 | @a武庆新@AWu Qing Xin@4编著 |
| 801 | 2 | @aCN@b上海新华@c20191020 |
| 905 | @b1136666-9@dK837.125.38@e1108@f4 | |
| 哈佛坏小子:马克·扎克伯格传/武庆新编著.-北京:中国华侨出版社,2017 |
| 223页;24cm |
| ISBN 978-7-5113-6689-4:CNY30.00 |
| 本书就是关于马克﹒扎克伯格的一本成长奋斗书。本书从Facebook创始人马克﹒扎克伯格的成长发展着手,全面讲述了他的家庭、学校、朋友等,继而解读了他创业与发展的不凡历程,为读者呈现出一位较为真实和立体的扎克伯格。 |
| ● |
| 相关链接 |
|
|
|
|
正题名:哈佛坏小子
索取号:K837.125.38/1108
 
预约/预借
| 序号 | 登录号 | 条形码 | 馆藏地/架位号 | 状态 | 备注 |
| 1 | 1136666 | 211366662 | 第二样本阅览室/ [索取号:K837.125.38/1108] | 在馆 | |
| 2 | 1136667 | 211366671 | 第二借阅区/ [索取号:K837.125.38/1108] | 在馆 | |
| 3 | 1136668 | 211366680 | 第二借阅区/ [索取号:K837.125.38/1108] | 在馆 | |
| 4 | 1136669 | 211366699 | 第二借阅区/ [索取号:K837.125.38/1108] | 在馆 |